চব্বিশ পরগণার দেবদেবী : (Record no. 47864)
[ view plain ]
| 000 -LEADER | |
|---|---|
| fixed length control field | 00973nam a2200229 a 4500 |
| 001 - CONTROL NUMBER | |
| control field | 47864 |
| 003 - CONTROL NUMBER IDENTIFIER | |
| rucl marc code | BD-RjUL |
| 005 - DATE AND TIME OF LATEST TRANSACTION | |
| control field | 20211209054417.0 |
| 008 - FIXED-LENGTH DATA ELEMENTS--GENERAL INFORMATION | |
| fixed length control field | 160810s1999 ii ||||| |||| 00| 0 ben d |
| 020 ## - INTERNATIONAL STANDARD BOOK NUMBER | |
| International Standard Book Number | 8176126276 |
| Terms of availability | : Tk. 280.00 |
| 035 ## - SYSTEM CONTROL NUMBER | |
| System control number | (BD-RjUL)47983 |
| 040 ## - CATALOGING SOURCE | |
| Original cataloging agency | BD-RjUL |
| Language of cataloging | ben |
| Transcribing agency | BD-RjUL |
| 041 ## - LANGUAGE CODE | |
| Language code of text/sound track or separate title | ben |
| 082 ## - DEWEY DECIMAL CLASSIFICATION NUMBER | |
| Classification number | 781.709 |
| Author mark and year | NAC 1999 |
| 100 ## - MAIN ENTRY--PERSONAL NAME | |
| Personal name | নস্কর, দেবব্রত |
| 9 (RLIN) | 145283 |
| 245 10 - TITLE STATEMENT | |
| Title | চব্বিশ পরগণার দেবদেবী : |
| Remainder of title | পালাগান ও লোকসংস্কৃতি জিজ্ঞাসা / |
| Statement of responsibility, etc. | দেবব্রত নস্কর |
| 260 ## - PUBLICATION, DISTRIBUTION, ETC. (IMPRINT) | |
| Place of publication, distribution, etc. | কলকাতা : |
| Name of publisher, distributor, etc. | দে'জ পাবলিশিং, |
| Date of publication, distribution, etc. | ১৯৯৯ |
| 300 ## - PHYSICAL DESCRIPTION | |
| Pagination | [১৬], ৫৬৬ পৃ. : |
| Illustrations | চিত্র ; |
| Size | ২৩ সেমি. |
| 650 ## - SUBJECT ADDED ENTRY--TOPICAL TERM | |
| Topical term or geographic name as entry element | ধর্মীয় গান |
| General subdivision | ইতিহাস ও সমালোচনা |
| 9 (RLIN) | 145284 |
| Topical term or geographic name as entry element | Sacred Music |
| General subdivision | History and Criticism |
| 9 (RLIN) | 145285 |
| 942 ## - ADDED ENTRY ELEMENTS (KOHA) | |
| Source of classification or shelving scheme | Dewey Decimal Classification |
| Koha item type | Books |
| Lost status | Source of classification or shelving scheme | Damaged status | Not for loan | Collection code | Permanent Location | Current Location | Shelving location | Date acquired | Source of acquisition | Cost, normal purchase price | Total Checkouts | Full call number | Date last seen | Copy number | Koha item type | Date checked out |
|---|---|---|---|---|---|---|---|---|---|---|---|---|---|---|---|---|
| Dewey Decimal Classification | Non-fiction | Central Library, University of Rajshahi | Central Library, University of Rajshahi | 13/05/2008 | Paragogn Enterprise, Dhaka | 280.00 | B 781.709 NAC 1999 | 10/08/2016 | C-2 | Books | ||||||
| Dewey Decimal Classification | Non-fiction | Central Library, University of Rajshahi | Central Library, University of Rajshahi | 13/05/2008 | Paragogn Enterprise, Dhaka | 280.00 | B 781.709 NAC 1999 | 10/08/2016 | C-3 | Books | ||||||
| Dewey Decimal Classification | Non-fiction | Central Library, University of Rajshahi | Central Library, University of Rajshahi | 13/05/2008 | Paragogn Enterprise, Dhaka | 280.00 | B 781.709 NAC 1999 | 10/08/2016 | C-4 | Books | ||||||
| Dewey Decimal Classification | Not For Loan | Non-fiction | Central Library, University of Rajshahi | Central Library, University of Rajshahi | Reading Room | 13/05/2008 | Dhaka paragon enterprises ltd. | 280.00 | B 781.709 NAC 1999 | 25/01/2017 | C-1 | Books | ||||
| Dewey Decimal Classification | Non-fiction | Central Library, University of Rajshahi | Central Library, University of Rajshahi | 12/05/2008 | Dhaka, Paragon Enterprises Ltd | 280.00 | 1 | B 781.709 NAC 1999 | 20/07/2023 | C-5 | Books | 19/07/2023 |